Europe West to East - Statistics

General Stats
  • This quiz has been taken 28 times
  • The average score is 33 of 47
Answer Stats
Answer % Correct
iceland
100%
ireland
100%
United Kingdom
100%
Andorra
95%
Belgium
95%
France
95%
Netherlands
95%
Portugal
95%
Spain
95%
Norway
91%
Germany
86%
Italy
86%
Luxembourg
82%
Monaco
82%
Sweden
82%
Switzerland
82%
Austria
77%
Denmark
77%
Liechtenstein
77%
Croatia
73%
Czechia
73%
San Marino
73%
Slovenia
73%
Vatican City
73%
Malta
68%
Poland
68%
Albania
64%
Bosnia and Herzegovina
64%
Greece
64%
Hungary
64%
Montenegro
64%
Serbia
64%
Slovakia
64%
Russia
50%
Belarus
45%
Bulgaria
45%
Cyprus
45%
Estonia
45%
Finland
45%
Kosovo
45%
Latvia
45%
Lithuania
45%
Moldova
45%
North Macedonia
45%
Romania
45%
Ukraine
45%
Turkey
36%
No matching quizzes found
Score Distribution
Percent of People with Each Score
Percentile by Number Answered
Your Score History
You have not taken this quiz